Ľudová slovesnosť dieťa nielen vyrozpráva, ale podnieti aj jeho tvorivosť a fantáziu

Bibliographic Details
Main Author: Holá, Anita (Author)
Format: Article
Language:Slovak
PhysicalDescription:Fotografie, obrázky
ISSN:1335-0919
Subjects:

MARC

LEADER 00000nab a2200000 4500
001 vtls012064616
003 SK-MaSNL
005 20260303203239.0
008 210805|2021 xo |||| ||an ||00 0|slo
015 |a SNBRB2021/08 
040 |a SPKCL  |b slo  |e rda 
041 |a slo  |b slo 
044 |a xo  |c SK 
072 7 |a 398  |x Folklór  |2 konspekt 
080 |a 398:159.946.3  |2 2011 
100 1 |a Holá, Anita  |4 aut  |9 807159 
245 1 0 |a Ľudová slovesnosť dieťa nielen vyrozpráva, ale podnieti aj jeho tvorivosť a fantáziu  |c Anita Holá 
300 |b Fotografie, obrázky 
336 |a text  |b txt  |2 rdacontent 
337 |a bez média  |b n  |2 rdamedia 
338 |a zväzok  |b nc  |2 rdacarrier 
504 |a Obsahuje bibliografiu 
546 |a Slovenské resumé 
650 0 7 |a materinská reč  |2 SNKPH  |9 1235581 
650 0 7 |a slovenčina  |2 SNKPH  |9 1350 
650 0 7 |a ľudová slovesnosť  |2 SNKPH  |9 67005 
650 0 7 |a vývoj reči  |2 SNKPH  |9 71289 
773 0 |t Dieťa  |g Roč. XXVII, č. 8-9 (2021), s. 38-40  |x 1335-0919 
856 4 1 |a www.dieta.sk 
958 |a NB 
999 |c 2184442  |d 2186372